书目信息 |
| 题名: |
高级组合音响维修手册(1)
|
|
| 作者: | 本书编写组 编 | |
| 分册: | ||
| 出版信息: | 北京 电子工业出版社 1996.05 |
|
| 页数: | 389页 | |
| 开本: | 16开 | |
| 丛书名: | ||
| 单 册: | ||
| 中图分类: | TN912.271 | |
| 科图分类: | ||
| 主题词: | 电声技术 , 语音数据处理 | |
| 电子资源: | ||
| ISBN: | 7-5053-2351-2 | |
| 000 | 00618nam0 2200205 45 | |
| 001 | 0003290899 | |
| 005 | 20000329083331.7 | |
| 010 | @a7-5053-2351-2@d37.50元 | |
| 100 | @a20000329d1996 km y0chiy0120 ea | |
| 101 | @achi | |
| 105 | @a z 000yy | |
| 200 | 1 | @a高级组合音响维修手册(1)@AGao Ji Zu He Yin Xiang Wei Xiu Shou Ce(1)@f本书编写组 编@FBen Shu Bian Xie Zu Bian |
| 210 | @a北京@c电子工业出版社@d1996.05 | |
| 215 | @a389页@d16开 | |
| 606 | 0 | @a电声技术 |
| 606 | 0 | @a语音数据处理 |
| 690 | @aTN912.271@v3 | |
| 701 | @a本书编写组@4编 | |
| 801 | @aCN@bPftUser@c20000329 | |
| 905 | @f1@b51749@dTN912.271@eB:071 | |
| 高级组合音响维修手册(1)/本书编写组 编.-北京:电子工业出版社,1996.05 |
| 389页;16开 |
| ISBN 7-5053-2351-2:37.50元 |
| ● |
| 相关链接 |
|
|
|
正题名:高级组合音响维修手册(1)
索取号:TN912.271/B:071
 
预约/预借
| 序号 | 登录号 | 条形码 | 馆藏地/架位号 | 状态 | 备注 |
| 1 | 51749 | 200517495 | 自科库301/301自科库 36排4列2层/ [索取号:TN912.271/B:071] | 在馆 |